1497 1147 1615 1115 1377 1269 1095 1753 1389 1463 1991 1180 1062 1560 1280 1607 1414 1394 1168 1063 1058 1732 1317 1676 1320 1901 1089 1673 1078 1614 1631 1136 1976 1074 1039 1689 1470 1252 1905 1494 1067 1534 1476 1308 1439 1913 1143 1116 1579 1262 1329 1717 1371 1588 1898 1499 1476 1121 1240 1506 1352 1751 1468 1613 1058 1666 1826 1187 1352 1472 1856 1214 1005 1284 1765 1926 1209 1612 1544 1725 1100 1989 1773 1123 1951 1373 1567 1138 1923 1819 1214 1805 1421 1101 1641 1566 1215 1668 1731 BCNSPRNW ULIB Ver.6.0+V

เปลี่ยนเป็นภาษาไทย

Change to English
 แสดงรายละเอียดบรรณานุกรม
  กลับหน้าหลัก

Brief Record : Get Marc (ISO 2709) : E-mail record : QR code < ปิดหน้าต่าง
LEADER : 00000nam 2200000uu 4500
001    13399108448
003     ULIB
008    110303s2005||||th 000 0 eng d
020    0702027294
060 04 WY159^bT355 2005
245 00 Textbook of community children s nursing /^cedited by AnnaSidey, David Widdas
250    2nd ed.
260    Edinburgh :^bElsevier,^c2005
300    xviii, 382 p. :^bill. ;^c25 cm.
650  2 Child Care
650  2 Community Health Nursing
650  2 Health Services
650  2 Pediatric Nursing
700 1  Sidey, Anna,^eed.
700 1  Widdas, David,^eed.
945    ^p2480^l0^i018287
995    ทศพร
999 ^a ใช้งานได้ทุกระบบ
รายการนี้ยังไม่มีแท็ก
คุณยังไม่ได้ล็อกอิน คุณสามารถมีกิจกรรมร่วมกับเว็บไซต์ได้ แต่ต้องล็อกอินก่อน ::
  ล็อกอิน

รายการสื่อสารสนเทศ

ลำดับที่ ประเภท เลขเรียก/บาร์โค้ด สถานที่ สถานะ
- ไม่พบข้อมูล -

รายการใกล้เคียง
    หัวเรื่อง [Child Care]
    หัวเรื่อง [Community Health Nursing]
    หัวเรื่อง [Health Services]
    หัวเรื่อง [Pediatric Nursing]

BibComment


ยังไม่เคยถูกคอมเมนท์

คอมเมนท์ทรัพยากรรายการนี้
  คอมเมนท์: Textbook of commu..


 Copyright 2026. Bcnsprnw @Library